Tous les clubs italiens ayant participés à la C2 - Statistiques

Statistiques générales
  • Ce quiz a été pris 33 fois
  • Le résultat moyen est 10 sur 13
Statistiques - réponses
Première participation Dernière participation Nombres de participations Clubs % Correct
1967-68 1977-78 4 AC Milan
100%
1978-79 1982-83 2 Inter Milan
100%
1965-66 1990-91 4 Juventus
100%
1962-63 1976-77 2 Napoli
97%
1969-70 1991-92 6 AS Roma
94%
1998-99 1998-99 1 Lazio
87%
1960-61 1996-97 5 Fiorentina
84%
1992-93 1995-96 3 Parme
84%
1963-64 1987-88 2 Atalanta
81%
1970-71 1974-75 2 Bologne
74%
1964-65 1993-94 4 Torino
74%
1985-86 1994-95 5 Sampdoria
58%
1997-98 1997-98 1 Vicence
10%
Aucun quiz correspondant
Distribution des résultats
% des personnes avec chaque résultat
Percentile par nombre de réponses
Votre historique - résultats
Vous n’avez pas pris ce quiz